00798nam a2200229 a 450000100060000000300080000600500170001400800410003102000100007203500190008204000230010104100080012408200290013210000220016124501290018326000660031230000240037850400280040265000520043065000370048271000490051950088BD-RjUL20211209075445.0160823s1976 mau b 000 0 eng  c$3.50 a(BD-RjUL)50208 aDLCcDLCdDLCbeng aeng00a331.890943223bKEU 19761 aKemerer, Frank R.10aUnderstanding faculty unions and collective bargaining :ba guide for independent school administrators /cFrank R. Kemerer. aBoston :bNational Association of Independent Schools,c1976. avi, 64 p. ;c23 cm. aBibliography: p. 61-64. 0aCollective bargainingxTeacherszUnited States. 0aTeachers' unionszUnited States.2 aNational Association of Independent Schools.